Education in Formosa / (Record no. 18698)
[ view plain ]
| 000 -LEADER | |
|---|---|
| fixed length control field | 01078cam a22002651a 4500 |
| 001 - CONTROL NUMBER | |
| control field | e 08000517 |
| 003 - CONTROL NUMBER IDENTIFIER | |
| control field | DLC |
| 005 - DATE AND TIME OF LATEST TRANSACTION | |
| control field | 20260227111149.0 |
| 008 - FIXED-LENGTH DATA ELEMENTS--GENERAL INFORMATION | |
| fixed length control field | 830525s1908 dcuaf f000 0 eng c |
| 010 ## - LIBRARY OF CONGRESS CONTROL NUMBER | |
| LC control number | e 08000517 |
| 035 ## - SYSTEM CONTROL NUMBER | |
| System control number | (OCoLC)9546296 |
| 040 ## - CATALOGING SOURCE | |
| Original cataloging agency | U.S. Off. of Educ. Library |
| Transcribing agency | ABAU |
| Modifying agency | ABAU |
| -- | DLC |
| 042 ## - AUTHENTICATION CODE | |
| Authentication code | premarc |
| 050 00 - LIBRARY OF CONGRESS CALL NUMBER | |
| Classification number | L111 |
| Item number | .A6 1908, no. 5 |
| 051 ## - LIBRARY OF CONGRESS COPY, ISSUE, OFFPRINT STATEMENT | |
| Classification number | LA1318.F7 |
| Item number | A7 |
| 100 1# - MAIN ENTRY--PERSONAL NAME | |
| Personal name | Arnold, Julean Herbert, |
| Dates associated with a name | 1875-1946. |
| 245 10 - TITLE STATEMENT | |
| Title | Education in Formosa / |
| Statement of responsibility, etc. | by Julean H. Arnold. |
| 260 ## - PUBLICATION, DISTRIBUTION, ETC. | |
| Place of publication, distribution, etc. | Washington : |
| Name of publisher, distributor, etc. | G.P.O., |
| Date of publication, distribution, etc. | 1908. |
| 300 ## - PHYSICAL DESCRIPTION | |
| Extent | 70 p., 5 leaves of plates : |
| Other physical details | ill. ; |
| Dimensions | 23 cm. |
| 490 0# - SERIES STATEMENT | |
| Series statement | Bulletin / U.S. Bureau of Education ; |
| Volume/sequential designation | 1908, no. 5 = Whole no. 388 |
| 501 ## - WITH NOTE | |
| With note | L111.A6 with: On the training of persons to teach agriculture in the public schools / Liberty Hyde Bailey. Washington : Govt. Print. Off., 1908. Bound together subsequent to publication. |
| Institution to which field applies | DLC |
| 530 ## - ADDITIONAL PHYSICAL FORM AVAILABLE NOTE | |
| Additional physical form available note | Also available in digital form on the Internet Archive Web site. |
| 650 #0 - SUBJECT ADDED ENTRY--TOPICAL TERM | |
| Topical term or geographic name entry element | Education |
| Geographic subdivision | Taiwan. |
| 856 41 - ELECTRONIC LOCATION AND ACCESS | |
| Uniform Resource Identifier | <a href="http://hdl.loc.gov/loc.gdc/scd0001.00198443682">http://hdl.loc.gov/loc.gdc/scd0001.00198443682</a> |
No items available.